000
00332nam a22001457a 4500
003
ASAB
005
20180827062635.0
008
140526t xxu||||| |||| 00| 0 eng d
020
_a
978-81-309-2820-3
040
_c
ASAB
100
_a
Subrata Pal
_9
873
245
_a
Textbook of Biomechanics
300
_a
300 p.
942
_2
ddc
_c
BK
999
_c
480103
_d
480103